=LDR 00000nam 2200000 4500 =001 INLIS000000000056034 =005 20200812101646 =035 ##$$a 0010-0820000175 =007 ta =008 200812################g##########f#ind## =020 ##$$a 978-623-6525-06-7 =082 ##$$a 899.227 3 =084 ##$$a 899.227 3 Mar b =245 1#$$a Bila fajar menyingsing /$c Maria A. Sardjono =250 ##$$a Cet.1 =300 ##$$a 167 halaman ; $c 21 cm =650 #4$$a Sastra Indonesia =740 ##$$a Bila fajar menyingsing =264 ##$$a Mataram :$b Novelindo Publishing,$c 2020 =336 ##$$a buku$2 rdacontent =337 ##$$a cetak$2 rdamedia =338 ##$$a lain-lain$2 rdacarrier =990 ##$$a 17041704 =990 ##$$a 147/49/2020